Market share in Japan 1984

Guardat en:
Dades bibliogràfiques
Format: Llibre
Idioma:Undetermined
Publicat: Tokyo Yano economic research institute Co., Ltd 1984
Matèries:
Etiquetes: Afegir etiqueta
Sense etiquetes, Sigues el primer a etiquetar aquest registre!
Thư viện lưu trữ: Trung tâm Học liệu Trường Đại học Cần Thơ
LEADER 00527nam a2200193Ia 4500
001 CTU_79854
008 210402s9999 xx 000 0 und d
082 |a 658.8 
082 |b M345 
245 0 |a Market share in Japan 1984 
245 0 |c Yano economic research institute Co., Ltd 
260 |a Tokyo 
260 |b Yano economic research institute Co., Ltd 
260 |c 1984 
650 |a Maket share 
650 |y 1984 
650 |z Japan 
904 |i Truc,Hải 
980 |a Trung tâm Học liệu Trường Đại học Cần Thơ